Hebrew Bible Names Still Popular Today - Statistics

General Stats
  • This quiz has been taken 137 times
  • The average score is 16 of 27
Answer Stats
Rank Clue Name % Correct
2 Ark builder Noah
96%
43 King, giant-slayer, lyre player David
88%
65 Another archangel Gabriel
83%
25 Spent a night in the lion's den Daniel
81%
27 An archangel Michael
81%
62 Son of Abraham who God demanded as a sacrifice (before recanting) Isaac
80%
44 Had a coat of many colors Joseph
80%
18 Youngest son of Israel Benjamin
76%
14 Prophet who raised the dead Elijah
75%
132 Moses's brother and spokesman Aaron
73%
26 Last of the judges, first of the major prophets Samuel
73%
61 Patriarch of the 12 tribes of Israel Jacob
70%
100 Made the walls of Jericho tumble Joshua
66%
131 Samson's lover and betrayer Delilah
63%
19 Patriarch whose tribe became priests Levi
61%
144 Wife of the patriarch of the 12 tribes Leah
56%
140 Barren woman who prayed for a son and got one Hannah
51%
99 In Christianity believed to have predicted the coming of Jesus Isaiah
50%
118 Ruth's mother in law Naomi
50%
106 Prophet who helped Solomon become king Nathan
46%
93 Bible book author who prophesized the destruction of Jerusalem Ezekiel
42%
20 Led Israelites back to Jerusalem from Babylon Ezra
39%
28 Founder of one of the 12 tribes Asher
37%
141 Son of Saul; Friend of the giant-slayer Jonathan
37%
36 Spanish version of #14 Elias
31%
88 Wife of Nabal. Married the giant slayer after God struck Nabal dead. Abigail
28%
90 King of Judah after Amon Josiah
23%
No matching quizzes found
Score Distribution
Percent of People with Each Score
Percentile by Number Answered
Your Score History
You have not taken this quiz